| 000 | 01419cam a2200253 4500 | ||
|---|---|---|---|
| 001 | ABS66457 | ||
| 008 | 030218n2003 000 0 eng u | ||
| 035 | _a(Sirsi) u121365 | ||
| 100 | _aEdwards, M. | ||
| 245 | _aMuch ado about nothing | ||
| 260 | _c2003 | ||
| 490 |
_aEstates Gazette _v(0306) 8 February 2003, 142(1) |
||
| 520 | _aArgues that government's review of the planning enforcement system in the Planning Green Paper was unnecessary. The enforcement of planning control was reformed in the Planning and Compensation Act 1991 following the 1989 Carnwath report. Seven years on government's planning green paper posed the question, 'Is enforcement working?', yet failed to base this upon real evidence. Presents statistics from the Planning Inspectorate and ODPM websites showing that breaches of planning control are not widespread and that when planning authorities issue enforcement notices some are not appealed. In addition, if appeals are pursued most are upheld in whole or in part. Concludes that the existing enforcement system is basically effective and that only minor changes are likely. | ||
| 590 | _aABS | ||
| 650 | _aPLANNING CONTROL | ||
| 650 | _aPLANNING ENFORCEMENT | ||
| 650 | _aPLANNING REFORM | ||
| 650 | _aGREEN PAPER | ||
| 650 | _aENFORCEMENT NOTICES | ||
| 650 | _aENFORCEMENT APPEALS | ||
| 690 |
_aPlanning and development _96259 |
||
| 700 | _aMartin, J. | ||
| 942 | _n0 | ||
| 999 |
_c72123 _d72123 |
||